SEC Football Coaches by Picture 2025 - Statistics

General Stats
  • This quiz has been taken 28 times
  • The average score is 13 of 16
Answer Stats
Picture Answer % Correct
Kirby Smart
100%
Brian Kelly
96%
Lane Kiffin
92%
Hugh Freeze
88%
Steve Sarkisian
88%
Kalen DeBoer
83%
Shane Beamer
83%
Billy Napier
79%
Eli Drinkwitz
79%
Mark Stoops
79%
Josh Heupel
75%
Mike Elko
71%
Sam Pittman
71%
Brent Venables
67%
Clark Lea
67%
Jeff Lebby
46%
No matching quizzes found
Score Distribution
Percent of People with Each Score
Percentile by Number Answered
Your Score History
You have not taken this quiz